Catholic University of Zimbabwe Library
Online Public Access Catalogue
(OPAC)

Ranga chand's world of mutual funds. (Record no. 2549)

MARC details
000 -LEADER
fixed length control field 00503nam a22001812 4500
001 - CONTROL NUMBER
control field 0000002663
005 - DATE AND TIME OF LATEST TRANSACTION
control field 20170406114412.0
008 - FIXED-LENGTH DATA ELEMENTS--GENERAL INFORMATION
fixed length control field 140326s xx 000 0 eng d
020 ## - INTERNATIONAL STANDARD BOOK NUMBER
International Standard Book Number 9780773757585 :
Terms of availability $
040 ## - CATALOGING SOURCE
Original cataloging agency Your Holding Symbol
Transcribing agency Your Holding Symbol
100 1# - MAIN ENTRY--PERSONAL NAME
Personal name Chand,Ranga.
245 10 - TITLE STATEMENT
Title Ranga chand's world of mutual funds.
250 ## - EDITION STATEMENT
Edition statement ed.
260 ## - PUBLICATION, DISTRIBUTION, ETC.
Place of publication, distribution, etc. Canada :
Name of publisher, distributor, etc. Stoddart,
Date of publication, distribution, etc. 1995.
300 ## - PHYSICAL DESCRIPTION
Extent p. :
Other physical details 329 ;
Dimensions cm.
650 #0 - SUBJECT ADDED ENTRY--TOPICAL TERM
Topical term or geographic name entry element mutual funds.
908 ## - PUT COMMAND PARAMETER (RLIN)
Put command parameter 140326
Holdings
Withdrawn status Lost status Damaged status Not for loan Date acquired Total Checkouts Barcode Date last seen Price effective from
        06.04.2017   BK0003214 22.05.2025 06.04.2017

OPENING HOURS

Weekdays: 0815hrs - 1800hrs
Weekends:0900hrs - 1200hrs

Closed for Mass:

Mon, Thur: 1200hrs - 1300hrs
Sunday & Public Holiday’s

CALL SUPPORT

0242-570570, 0242-570169
09200664, +263 8644140602

LOCATION

18443, Cranborne Avenue, Hatfield, Harare

Other Links


©2021 | CUZ Library